000 01211cad a22001935a 4500
001 a151533
008 101115s2010 xxk f 000 0 eng d
035 _a(Sirsi) u151533
041 0 _aeng
110 2 _aUnited Kingdom
_bDepartment for Communities and Local Government
_94939
245 0 0 _aSummary of changes to the Code for Sustainable Homes technical guidance
_bNovember 2010
_h[electronic resource]
260 _aLondon
_bDCLG
_c2010
520 _aUpdate to the April 2007 Code of Sustainable Homes gives an improved green rating for new homes. The revision takes into account tough new rules for energy efficiency for buildings and make it easier for homeowners and consumers who want to grade the standard of their properties. The Code is rated from one to six, one being the entry level above the level of the standard, mandatory Building Regulations and six is the highest.
590 _aKA NTK
651 4 _aENGLAND AND WALES
690 _aENVIRONMENTAL AND LAND CONSULTANCY-SUSTAINABILITY
856 4 0 _uhttps://www.communities.gov.uk/documents/planningandbuilding/pdf/1766323.pdf
_zView the item free of charge at www.communities.gov.uk/documents/planningandbuilding/pdf/1766323.pdf
942 _n0
999 _c111427
_d111427